Univerzální mikropočítačová stavebnice : Svazek 9. Díl 1
Guardado en:
| Formato: | Libro |
|---|---|
| Lenguaje: | checo |
| Publicado: |
Praha :
ČSVTS,
1984
|
| Materias: | |
| Etiquetas: |
Sin Etiquetas, Sea el primero en etiquetar este registro!
|
MARC
| LEADER | 00000nam a22000003a 4500 | ||
|---|---|---|---|
| 001 | stu43777 | ||
| 005 | 20150408180332.5 | ||
| 008 | 941213s1984----cs------------------cze-d | ||
| 040 | |a STU |b slo | ||
| 041 | 0 | |a cze | |
| 044 | |a cs | ||
| 080 | |a 681.31(035) | ||
| 245 | |a Univerzální mikropočítačová stavebnice : |b Svazek 9. Díl 1 | ||
| 260 | |a Praha : |b ČSVTS, |c 1984 | ||
| 300 | |a 237 s | ||
| 650 | 7 | |a mikropočítače |2 stusub | |
| 650 | 7 | |a štruktúry |2 stusub | |
| 650 | 7 | |a príručky |2 stusub | |
| 996 | |b 284M036342 |c M*1923-3 |l MMKN |s A |a 24 |w stu43777_0001 | ||
| 996 | |b 284M036346 |c M*1923-1 |l MMKN |s A |a 24 |w stu43777_0002 | ||
| 996 | |b 284M036344 |c M*1923-5 |l MMKN |s A |a 24 |w stu43777_0003 | ||
| 996 | |b 284M036343 |c M*1923-6 |l MMKN |s A |a 24 |w stu43777_0004 | ||
| 996 | |b 284M036345 |c M*1923-7 |l MMKN |s A |a 24 |w stu43777_0005 | ||